Länder mit mehr Schafen als Menschen - Statistiken

Allgemein
  • Dieses Quiz wurde 115 mal gespielt
  • Das Durchschnittsergebnis liegt bei 5 aus 13
Antwortstatistiken
Schafe/Einwohner Antwort % Korrekt
1,5 Irland
84%
4,8 Neuseeland
81%
2,6 Australien
76%
1,5 Island
71%
8,5 Mongolei
48%
1,02 Bolivien
23%
1,2 Turkmenistan
22%
2 Uruguay
22%
1,2 Namibia
9%
1,2 Sudan
9%
1,5 Mauretanien
6%
1,02 Dschibuti
5%
1,5 Somalia
4%
Keine übereinstimmenden Quizze gefunden
Verteilung der Resultate
Anzahl Personen mit jedem Resultat
Perzentil nach korrekt beantworteten Fragen
Ihre Resultats-Entwicklung
Sie haben dieses Quiz noch nicht gespielt